Fr. Conceicao Rodrigues College of Engineering

Effective Motivation (Record no. 25178)

MARC details
000 -LEADER
fixed length control field 00314nam a2200157Ia 4500
082 ## - DEWEY DECIMAL CLASSIFICATION NUMBER
Classification number 658.314/ADA
Item number ADA
100 ## - MAIN ENTRY--PERSONAL NAME
Personal name ADAIR/JOHN
245 ## - TITLE STATEMENT
Title Effective Motivation
260 ## - PUBLICATION, DISTRIBUTION, ETC.
Name of publisher, distributor, etc. Pan Books
Date of publication, distribution, etc. 1996
366 ## - TRADE AVAILABILITY INFORMATION
Publishers's discount category 17.5
300 ## - PHYSICAL DESCRIPTION
Extent 244
546 ## - LANGUAGE NOTE
Language note ENGLISH
654 ## - SUBJECT ADDED ENTRY--FACETED TOPICAL TERMS
Focus term motivation
942 ## - ADDED ENTRY ELEMENTS (KOHA)
Koha item type BOOK
Holdings
Withdrawn status Lost status Damaged status Not for loan Collection Home library Current library Date acquired Source of acquisition Cost, normal purchase price Inventory number Total Checkouts Full call number Barcode Date last seen Date last checked out Cost, replacement price Price effective from Koha item type
        CRC Fr. Agnel's C.Rodrigues College of Engineering Fr. Agnel's C.Rodrigues College of Engineering 17/03/2023 Educational books and periodicals 185.63 191 dt 11/02/2009 1 658.314/ADA ADA 19363 22/05/2024 31/01/2024 225.00   BOOK